MARC

LEADER 00000nam0a2200000 4500
001 357159
005 20231102010950.0
035 |a (RuTPU)RU\TPU\retro\14419 
090 |a 357159 
100 |a 20200731d1973 km y0rusy50 ca 
101 0 |a rus 
102 |a KZ 
105 |a a z 001zy 
200 1 |a Экскавация крупнокусковой горной массы  |f С. С. Музгин  |g Академия наук Казахской ССР, Институт горного дела ; под ред. Г. В. Родионова 
210 |a Алма-Ата  |c Наука  |d 1973 
215 |a 124 с.  |c ил. 
320 |a Библиогр.: с. 118-121 
606 1 |a Экскаваторы карьерные  |x Использование  |x Технико-экономические расчеты  |2 stltpush  |3 (RuTPU)RU\TPU\subj\26695  |9 50569 
610 1 |a горные массы 
610 1 |a ковшовые экскаваторы 
610 1 |a экскавация 
610 1 |a эффективность 
610 1 |a подземные разработки 
675 |a 622.271.4  |v 4 
700 1 |a Музгин  |b С. С.  |g Сергей Спиридонович 
702 1 |a Родионов  |b Г. В.  |4 340 
712 0 2 |a Академия наук Казахской ССР  |b Институт горного дела  |c (Алма-Ата)  |2 stltpush  |3 (RuTPU)RU\TPU\col\19178  |9 27396 
801 1 |a RU  |b 63413507  |c 20200731 
801 2 |a RU  |b 63413507  |c 20210408  |g RCR 
942 |c BK